[Event "Tarragona Province-chB"]
[Site "L'Hospitalet Infant"]
[Date "2016.10.09"]
[Round "2"]
[White "Saladie Prats, Salvador"]
[Black "Fernandez Alvarez, Javier"]
[Result "1-0"]
[WhiteElo "1616"]
[BlackElo "1379"]
[PlyCount "53"]
[EventDate "2016.10.02"]
[EventType "swiss"]
[EventRounds "9"]
[EventCountry "ESP"]
[SourceTitle "EXT 2018"]
[Source "ChessBase"]
[SourceDate "2017.10.13"]
[SourceVersion "1"]
[SourceVersionDate "2017.10.13"]
[SourceQuality "1"]

1. e4 e5 2. Nf3 Nc6 3. d4 exd4 4. Nxd4 Nxd4 5. Qxd4 d6 6. Nc3 Nf6 7. Be3 c5 8. Qd2 a6 9. a4 Be6 10. Rd1 Be7 11. Be2 0-0 12. 0-0 Rb8 13. Bf4 Nd7 14. Bxd6 Bxd6 15. Qxd6 Qc8 16. Nd5 Bxd5 17. Rxd5 Rd8 18. Rfd1 g6 19. Qe7 Re8 20. Qxd7 Qxd7 21. Rxd7 Rxe4 22. Bf3 Rxa4 23. Rxb7 Rb4 24. Rxb8+ Rxb8 25. b3 a5 26. Ra1 Rb4 27. Rxa5 1-0